000 00269nam a22000977a 4500
999 _c517187
_d517187
082 _aTNC T000 M475p
100 _aMeier, Gerard M.
_924642
245 _aProblems of cooperation for development
_cBy Gerald M. Meier
260 _aLondon
_bOxford Univ.
_c1974
300 _a249p.